|
|
|
|
| LEADER |
00000cam a2200000 4500 |
| 003 |
SK-MaSNL |
| 005 |
20260505090705.0 |
| 008 |
260505s2025 xo a b 000 j slo |
| 020 |
|
|
|a 9788081543562
|q (viazané)
|
| 040 |
|
|
|a SNK
|b slo
|c SNK
|e rda
|
| 041 |
0 |
|
|a slo
|
| 044 |
|
|
|a xo
|c SK
|
| 072 |
|
7 |
|a 821.162.4-3
|x Slovenská próza
|2 konspekt
|
| 072 |
|
7 |
|a 821-93
|x Literatúra pre deti a mládež (beletria)
|2 konspekt
|
| 080 |
|
|
|a 821.162.4-32
|2 2011
|
| 080 |
|
|
|a 82-93-053.4/.5
|2 2011
|
| 100 |
1 |
|
|a Kuglerová, Zuzana,
|d 1955-
|4 aut
|4 ill
|9 160410
|
| 245 |
1 |
0 |
|a Čarodejníkova nevesta
|c Zuzana Kuglerová
|
| 264 |
|
1 |
|a Žilina
|b Georg
|c [2025]
|
| 300 |
|
|
|a 71 strán
|b ilustrácie
|c 24 cm
|
| 336 |
|
|
|a text
|b txt
|2 rdacontent
|
| 336 |
|
|
|a statický obraz
|b sti
|2 rdacontent
|
| 337 |
|
|
|a bez média
|b n
|2 rdamedia
|
| 338 |
|
|
|a zväzok
|b nc
|2 rdacarrier
|
| 500 |
|
|
|a Rok vydania podľa NA ISBN
|
| 500 |
|
|
|a Vydané v spolupráci s vydavateľstvom Pars Artem
|
| 655 |
|
7 |
|a slovenské príbehy
|2 SNKPH
|9 70494
|
| 655 |
|
7 |
|a literatúra pre deti
|2 SNKPH
|9 87135
|
| 655 |
|
7 |
|a Slovak stories
|2 SNKPHeng
|9 277112
|
| 655 |
|
7 |
|a Children's literature
|2 SNKPHeng
|9 276039
|
| 710 |
2 |
|
|a Pars Artem
|4 pbl
|9 1638149
|
| 852 |
|
|
|a Slovenská národná knižnica
|
| 919 |
|
|
|a 978-80-8154-356-2
|
| 954 |
|
|
|a beletria pôvodná (slovenská)
|2 lita
|
| 958 |
|
|
|a LX
|
| 958 |
|
|
|a DB
|
| 999 |
|
|
|c 3369315
|d 3371245
|
| 952 |
|
|
|t 1
|a SNK
|b SNK
|y NEVYP
|7 1
|p 17A1509822
|o snkSB 102644
|i snk2026/6527
|8 0
|g 0.00
|0 0
|1 0
|2 udc
|4 0
|d 2026-05-05
|l 0
|r 2026-05-05 09:07:39
|w 2026-05-05
|